00514nam a2200157 a 450000100100000000500170001000800410002702000150006804000250008308200130010824500500012126000360017130000210020795201110022899900170033900004152320201002035624.0131009s2005 cu 000 0 spa d a9590106730 aDO-SdBNPbspacBNPHU axxxbxxx03aLa tormenta perfecta :bel caso de los cinco. aLa Habana :bPolítica,c2005. a211 p. ;c24 cm. 001050718MOaGRbGRcCTd2013-10-09iLF1l0oxxx xxxp41523-10r2020-06-25w2020-06-25y1ZNo se presta c41013d41013